000 00691cam a22002417a 4500
003 CHAP
005 20220329140723.0
008 971013s r 00010 d
010 _a56507
011 _a57479
035 _a61634
040 _cCHAP
090 _aR-2847
100 0 0 _aZiman, J. M.
_9124030
245 1 4 _aThe proliferation of scientific literature
_b: a natural process
500 _aSobretiro de: Science 208 (4492):369-371, abril
590 _aBATCH-UPD
_b10
_c20130110
_lUCH01
_h0249
590 _aCONVERSION
_b10
_c20130109
_lUCH01
_h1330
650 1 4 _aCiencia
_xLiteratura.
_923128
901 _aBK
942 _cREIMP
949 _aR-2847
_bBC
_cR
_d-132335
_eTS1
_i61634
_si
999 _c56507
_d56507